|
|
|
|
| LEADER |
00000cam a2200000 7i4500 |
| 001 |
0000015221 |
| 005 |
20080319.0 |
| 008 |
080319 |
| 020 |
|
|
|a 9838612537
|
| 090 |
0 |
0 |
|a 899.23092
|b SAS
|
| 245 |
1 |
0 |
|a Sasterawan Negara Muhammad Haji Salleh :
|b pencari dan pemikir
|c editor Sohaimi Abdul Aziz
|
| 260 |
|
|
|a Pulau Pinang :
|b Universiti Sains Malaysia ,
|c 2003
|
| 440 |
|
|
|a Siri kefahaman budaya cendekia Melayu di Pulau Pinang ; 4
|
| 650 |
|
0 |
|a Malay literature
|x history and criticism
|
| 650 |
|
0 |
|a Muhammad Haji Salleh, 1942
|x contributions in Malay literature
|
| 700 |
0 |
|
|a Sohaimi Abdul Aziz
|
| 999 |
|
|
|a 0001010866
|b Book
|c Adult Collection
|e Perbadanan Perpustakaan Awam Johor
|
| 999 |
|
|
|a 0001018287
|b Book
|c Adult Collection
|e Perbadanan Perpustakaan Awam Johor
|